Composite Nanostructured Materials for Renewable Energy Applications.

Bibliographic Details
Main Author: Mustafa, Elfatih Mohammed.
Format: eBook
Language:English
Published: Linköping : Linkopings Universitet, 2023.
Edition:1st ed.
Series:Linköping Studies in Science and Technology. Dissertations Series
Subjects:
Online Access:Click to View
LEADER 02108nam a22003853i 4500
001 EBC30401067
003 MiAaPQ
005 20240729202205.0
006 m o d |
007 cr cnu||||||||
008 240729s2023 xx o ||||0 eng d
020 |a 9789180750561  |q (electronic bk.) 
020 |z 9789180750554 
035 |a (MiAaPQ)EBC30401067 
035 |a (Au-PeEL)EBL30401067 
035 |a (OCoLC)1376950328 
040 |a MiAaPQ  |b eng  |e rda  |e pn  |c MiAaPQ  |d MiAaPQ 
100 1 |a Mustafa, Elfatih Mohammed. 
245 1 0 |a Composite Nanostructured Materials for Renewable Energy Applications. 
250 |a 1st ed. 
264 1 |a Linköping :  |b Linkopings Universitet,  |c 2023. 
264 4 |c {copy}2023. 
300 |a 1 online resource (96 pages) 
336 |a text  |b txt  |2 rdacontent 
337 |a computer  |b c  |2 rdamedia 
338 |a online resource  |b cr  |2 rdacarrier 
490 1 |a Linköping Studies in Science and Technology. Dissertations Series ;  |v v.2290 
505 0 |a Intro -- Abstract -- Sammanfattning -- Acknowledgment -- List of Included Papers -- Abbreviations -- Table of Contents -- Part I Background -- CHAPTER 1 -- 1 Introduction -- CHAPTER 2 -- 2 Materials Perspective -- CHAPTER 3 -- 3 Materials Synthesis and Simulation -- CHAPTER 4 -- 4 Analytical Techniques -- CHAPTER 5 -- 5 Summary of the Papers -- CHAPTER 6 -- 6 Conclusions -- References -- Part II Included Papers. 
588 |a Description based on publisher supplied metadata and other sources. 
590 |a Electronic reproduction. Ann Arbor, Michigan : ProQuest Ebook Central, 2024. Available via World Wide Web. Access may be limited to ProQuest Ebook Central affiliated libraries.  
655 4 |a Electronic books. 
776 0 8 |i Print version:  |a Mustafa, Elfatih Mohammed  |t Composite Nanostructured Materials for Renewable Energy Applications  |d Linköping : Linkopings Universitet,c2023  |z 9789180750554 
797 2 |a ProQuest (Firm) 
830 0 |a Linköping Studies in Science and Technology. Dissertations Series 
856 4 0 |u https://ebookcentral.proquest.com/lib/matrademy/detail.action?docID=30401067  |z Click to View